000 04261nab a2200373 4500
003 BR-BrBNA
005 20250925102902.0
008 250925b2025 bl.ar|pooa||| 00| 0 eng |
040 _aBR-BrBNA
_bpor
072 _aF01 ; F30
_b1940
100 _aBandeira, Willyan Júnior Adorian
100 _aCarvalho, Ivan Ricardo
100 _aPradebon, Leonardo Cesar
100 _aSausen, Natália Hinterholz
100 _aSangiovo, Jaqueline Piesanti
100 _aBruinsma, Gabriel Mathias Weimer
100 _aLoro, Murilo Vieira
245 _aEstimation of genetic parameters and selection pressure in canary seed
500 _aSummaries (En, Pt); 33 ref.; 5 tables
520 _aAbstract – The objective of this work was to estimate the heritability parameters and selection gains in canary seed populations under different selection pressures. The base germplasm was composed of genotypes called “original and genotypes subjected to the mutation process with sodium azide, to create genetic variability in the population. The selection was carried out based on the cycle of canary seed plants. The plants were marked in the field and collected for subsequent evaluation and categorization. A Bayesian inference model was used to determine the precision degree of the estimates and the genetic effects. Based on the data matrix obtained, the heritability parameters were estimated for the variables panicle length, number of grains per panicle, grain mass per panicle and panicle index. The response to selection was estimated based on selection pressures, varying between 1% (the highest intensity) and 90% (the lowest intensity). Narrow-sense heritability values for the variables panicle length, number of grains per panicle, weight of grains per panicle, and birdseed panicle index were 0.28, 0.33, 0.25, and 0.37, respectively. Based on the results presented for heritability values and selection gains for canary seed, it is possible to obtain improved lines from rigorous selection pressures. Index terms: Phalaris canariensis, Bayesian inference, grain yield, heritability, plant breeding.
520 _aResumo – O objetivo deste trabalho foi estimar os parâmetros de herdabilidade e ganhos de seleção em populações de alpiste submetidas a diferentes pressões de seleção. O germoplasma-base foi composto por genótipos denominados “originais” e genótipos submetidos ao processo de mutação com azida sódica, para criar variabilidade genética na população. A seleção foi realizada com base no ciclo das plantas. As plantas foram marcadas em campo e coletadas para posterior avaliação e categorização. Utilizou-se um modelo de inferência bayesiana, para determinar o grau de precisão das estimativas e os efeitos genéticos. Com base na matriz de dados obtida, estimaram-se os parâmetros de herdabilidade para as variáveis comprimento da panícula, número de grãos por panícula, massa de grãos por panícula e índice de panícula. A resposta à seleção foi estimada com base nas pressões de seleção, que variaram entre 1% (maior intensidade) e 90% (menor intensidade). Valores de herdabilidade no sentido restrito para as variáveis comprimento da panícula, número de grãos por panícula, massa de grãos por panícula e índice de panícula de alpiste foram 0,28, 0,33, 0,25 e 0,37, respectivamente. Com nos resultados apresentados quanto à herdabilidade e aos ganhos de seleção, é possível obter linhagens melhoradas de alpiste a partir de pressões de seleção rigorosas. Termos de Indexação: Phalaris canariensis, inferência bayesiana, rendimento de grãos, herdabilidade, melhoramento de plantas.
650 _aALPISTE
650 _aPHALARIS CANARIENSIS
650 _aCEREAL
650 _aGRÃO
650 _aRENDIMENTO
650 _aINFLORESCÊNCIA
650 _aHERDABILIDADE
650 _aMELHORAMENTO VEGETAL
773 0 _0920
_9357579
_dBrasília-DF Empresa Brasileira de Pesquisa Agropecuária - EMBRAPA 1966-
_o2025-5544
_tPesquisa Agropecuária Brasileira (Brazil)
_x0100-204X
_gv. 60 p. 1-10; (2025)
_wBR2025003709
856 _uhttps://www.scielo.br/j/pab/a/J4y7kxrmbXZyFL9jNrmBvNn/?format=pdf&lang=en
942 _cANA
999 _c338379
_d338379